000 00347nam a2200121Ia 4500
008 220217s9999||||xx |||||||||||||| ||und||
082 _a004.22 STA
100 _aStallings, William
245 0 _aComputer organization and architecture
260 _aPrentice hall of india
_bNew Delhi
_c2003
300 _b350
650 _aCOMPUTER ARCHITECTURE
999 _c172323
_d172323